Az AFT-Hungary Kft. költségének, eredményének és piaci helyzetének átfogó elemzése a beszámolók alapján

Bibliográfiai részletek
Szerző: Lakatos Zita
További közreműködők: Borzán Dr. Anita
Fodor Szabina
Dokumentumtípus: Diplomadolgozat
Kulcsszavak:költségelemzés
eredmény elemzés
piaci helyzet
Online Access:http://dolgozattar.uni-bge.hu/18798

MARC

LEADER 00000nta a2200000 i 4500
001 dolg18798
005 20181206132547.0
008 181206suuuu hu om 000 hun d
040 |a BGE Dolgozattár Repozitórium  |b hun 
041 |a hu 
100 1 |a Lakatos Zita 
245 1 3 |a Az AFT-Hungary Kft. költségének, eredményének és piaci helyzetének átfogó elemzése a beszámolók alapján  |c Lakatos Zita  |h [elektronikus dokumentum] 
695 |a költségelemzés 
695 |a eredmény elemzés 
695 |a piaci helyzet 
700 1 |a Borzán Dr. Anita  |e ths 
700 1 |a Fodor Szabina  |e ths 
856 4 0 |u http://dolgozattar.uni-bge.hu/18798/1/Diplomamunka%202018_Lakatos%20Zita.pdf  |z Dokumentum-elérés 
856 4 0 |u http://dolgozattar.uni-bge.hu/18798/2/Titikos%C3%ADt%C3%A1si%20k%C3%A9relem%202018.pdf  |z Dokumentum-elérés